000
00308nam a2200133Ia 4500
008
150301s2015 xx 000 0 und d
082
_a
615.4
_b
M14J
100
_a
JAIN, N.K
245
_a
MODERN DISPENSING PHARMACY
260
_b
PHARMA MED PRESS
300
_a
358
650
_a
PHARMACY
942
_2
ddc
_c
BK
_0
6
999
_c
7319
_d
7319